| 000 | 00363nam a2200145Ia 4500 | ||
|---|---|---|---|
| 005 | 20251222151258.0 | ||
| 008 | 251222s9999||||xx |||||||||||||| ||spa|| | ||
| 020 | _a9701040554 | ||
| 082 | _a658/T48/2004 | ||
| 100 | _aThompson, Arthur A. | ||
| 245 | 0 | _aAdministración Estratégica: | |
| 250 | _a13a.ed. | ||
| 264 | _bMcGraw-Hill Interamericana | ||
| 942 | _cLIB | ||
| 999 |
_c22867 _d22867 |
||